Mens NCAA March Madness Bracket 2026 - Round of 32 - Statistics

General Stats
  • This quiz has been taken 9 times
  • The average score is 24 of 32
Answer Stats
Hint Answer % Correct
1 Arizona
100%
1 Duke
100%
1 Florida
100%
9 Iowa
100%
1 Michigan
100%
2 UConn
100%
12 High Point
88%
2 Iowa St
88%
3 Michigan St
88%
4 Nebraska
88%
11 Texas
88%
7 UCLA
88%
4 Arkansas
75%
3 Illinois
75%
4 Kansas
75%
2 Purdue
75%
9 Saint Louis
75%
5 St John's
75%
9 TCU
75%
9 Utah St
75%
3 Virginia
75%
7 Kentucky
63%
6 Tennessee
63%
10 Texas A&M
63%
5 Vanderbilt
63%
11 VCU
63%
4 Alabama
50%
3 Gonzaga
50%
2 Houston
50%
6 Louisville
50%
7 Miami (FL)
38%
5 Texas Tech
38%
No matching quizzes found
Score Distribution
Percent of People with Each Score
Percentile by Number Answered
Your Score History
You have not taken this quiz